[Event "Dortmund Sparkassen op-B"]
[Site "Dortmund"]
[Date "2014.07.20"]
[Round "9"]
[White "Tuscher, Albin"]
[Black "Truemper, Michael"]
[Result "0-1"]
[WhiteElo "1595"]
[BlackElo "1818"]
[PlyCount "38"]
[EventDate "2014.07.12"]
[EventType "swiss"]
[EventRounds "9"]
[EventCountry "GER"]
[SourceTitle "EXT 2022"]
[Source "ChessBase"]
[SourceDate "2021.10.06"]
[SourceVersion "1"]
[SourceVersionDate "2021.10.06"]
[SourceQuality "1"]

1. e4 e6 2. d4 d5 3. Nd2 Nf6 4. e5 Nfd7 5. f4 c5 6. c3 Nc6 7. Ngf3 Qb6 8. Qb3 Qc7 9. Be2 Be7 10. 0-0 f6 11. Qd1 0-0 12. Nb3 Qb6 13. Rb1 c4 14. Nbd2 fxe5 15. fxe5 Ndxe5 16. Nxe5 Nxe5 17. Nf3 Ng6 18. Kh1 Bd7 19. Bg5 Rxf3 0-1

[Event "GER-chT U16"]
[Site "Lingen"]
[Date "2013.12.28"]
[Round "3.4"]
[White "Truemper, Michael"]
[Black "Waschischeck, Tom"]
[Result "0-1"]
[WhiteElo "1814"]
[BlackElo "1727"]
[PlyCount "86"]
[EventDate "2013.12.27"]
[EventType "team-swiss"]
[EventRounds "7"]
[EventCountry "GER"]
[SourceTitle "EXT 2015"]
[Source "ChessBase"]
[SourceDate "2014.11.20"]
[SourceVersion "1"]
[SourceVersionDate "2014.11.20"]
[SourceQuality "1"]
[WhiteTeam "Brackel"]
[BlackTeam "Leipzig"]
[WhiteTeamCountry "GER"]
[BlackTeamCountry "GER"]

1. d4 Nf6 2. Bg5 d5 3. Bxf6 exf6 4. e3 Bf5 5. Nd2 c6 6. Ne2 Qb6 7. b3 Na6 8. c3 Bd6 9. Qc1 0-0 10. Ng3 Bg6 11. Be2 Qc7 12. 0-0 Rfe8 13. Re1 f5 14. Ngf1 f4 15. Nf3 fxe3 16. Nxe3 Bf4 17. g3 Bxe3 18. fxe3 f6 19. Bxa6 bxa6 20. c4 Rac8 21. Qd2 Qb6 22. Rac1 Rc7 23. Nh4 Be4 24. Ng2 dxc4 25. Rxc4 Bd5 26. Rc5 g5 27. Rf1 Kg7 28. Qe2 Rce7 29. Qf2 Re6 30. Re1 Qb4 31. Rcc1 a5 32. Rf1 a4 33. bxa4 Qxa4 34. Rb1 R8e7 35. Ne1 Bc4 36. Nc2 Bxf1 37. Rxf1 Qxa2 38. Qf5 Qd5 39. Qf2 a5 40. h4 h6 41. g4 Qe4 42. Qe2 Rb7 43. Qa6 Qxg4+ 0-1

[Event "Ruhrgebiet Verbandsliga2 1213"]
[Site "Nordrheinwestfalen"]
[Date "2013.02.24"]
[Round "7.8"]
[White "Truemper, Michael"]
[Black "Voss, Guenther"]
[Result "0-1"]
[WhiteElo "1669"]
[BlackElo "2008"]
[PlyCount "36"]
[EventDate "2012.09.02"]
[EventType "team-tourn"]
[EventRounds "9"]
[EventCountry "GER"]
[SourceTitle "EXT 2020"]
[Source "ChessBase"]
[SourceDate "2019.10.17"]
[SourceVersion "1"]
[SourceVersionDate "2019.10.17"]
[SourceQuality "1"]
[WhiteTeam "Brackel SF II"]
[BlackTeam "Muelheim Nord III"]
[WhiteTeamCountry "GER"]
[BlackTeamCountry "GER"]

1. d4 Nf6 2. Bg5 c5 3. Bxf6 gxf6 4. e3 Qb6 5. b3 f5 6. g3 Bg7 7. c3 Nc6 8. Ne2 d6 9. Nd2 cxd4 10. cxd4 e5 11. d5 Ne7 12. e4 fxe4 13. Nxe4 Bg4 14. Qd2 Bf3 15. N2c3 Bxh1 16. Bb5+ Kf8 17. a4 a6 18. a5 Qd4 0-1

[Event "Dortmund Sparkassen op-B"]
[Site "Dortmund"]
[Date "2012.07.20"]
[Round "7"]
[White "Schrimpl, Michael"]
[Black "Truemper, Michael"]
[Result "1/2-1/2"]
[WhiteElo "1415"]
[BlackElo "1585"]
[PlyCount "49"]
[EventDate "2012.07.14"]
[EventType "swiss"]
[EventRounds "9"]
[EventCountry "GER"]
[SourceTitle "EXT 2014"]
[Source "ChessBase"]
[SourceDate "2013.11.20"]
[SourceVersion "1"]
[SourceVersionDate "2013.11.20"]
[SourceQuality "1"]

1. c4 c6 2. d4 d5 3. cxd5 cxd5 4. Nc3 Nf6 5. Nf3 Bg4 6. Ne5 Bf5 7. Qa4+ Nbd7 8. Qb5 e6 9. Nxd7 Qxd7 10. a3 a6 11. Qxd7+ Kxd7 12. Bg5 Be7 13. f3 b5 14. Kf2 Rhb8 15. b4 h6 16. Bd2 a5 17. e4 dxe4 18. Bxb5+ Kd8 19. bxa5 exf3 20. Kxf3 Rxa5 21. a4 Bd6 22. h3 Ra7 23. Rhc1 Ke7 24. Ke3 Rd8 25. Bd3 1/2-1/2

[Event "GER-chT U12"]
[Site "Arendsee"]
[Date "2009.12.28"]
[Round "4.4"]
[White "Truemper, Michael"]
[Black "Gungl, Theo"]
[Result "0-1"]
[WhiteElo "1395"]
[BlackElo "1477"]
[PlyCount "100"]
[EventDate "2009.12.27"]
[EventType "team-swiss"]
[EventRounds "7"]
[EventCountry "GER"]
[SourceTitle "EXT 2022"]
[Source "ChessBase"]
[SourceDate "2021.10.06"]
[SourceVersion "1"]
[SourceVersionDate "2021.10.06"]
[SourceQuality "1"]
[WhiteTeam "Brackel SF U12"]
[BlackTeam "Dresden USV TU U12"]
[WhiteTeamCountry "GER"]
[BlackTeamCountry "GER"]

1. d4 d5 2. c4 c6 3. Nf3 Nf6 4. Nc3 Bf5 5. Bf4 e6 6. e3 Nbd7 7. Nh4 Be4 8. f3 Bg6 9. Bg5 Be7 10. Nxg6 hxg6 11. Bd3 Qc7 12. Bf4 Bd6 13. Bxd6 Qxd6 14. f4 0-0-0 15. c5 Qc7 16. Qa4 Kb8 17. h3 g5 18. g3 gxf4 19. gxf4 Rh4 20. 0-0-0 Rdh8 21. b4 Rxh3 22. Rxh3 Rxh3 23. Re1 Nh5 24. b5 Nxf4 25. Kd2 Rh2+ 26. Ne2 Nxd3 27. Kxd3 cxb5 28. Qxb5 Qc6 29. a4 Qxb5+ 30. axb5 Nf6 31. Rg1 Rh7 32. Nf4 g6 33. Kc2 Rh2+ 34. Kd3 Rb2 35. Rf1 Ne4 36. Rd1 Nf2+ 37. Kc3 Nxd1+ 38. Kd3 g5 39. Ne2 f6 40. Nc3 Rb3 41. Kc2 Rxc3+ 42. Kxd1 Rxe3 43. b6 axb6 44. cxb6 g4 45. Kd2 Re4 46. Kd3 g3 47. Kc3 g2 48. Kb3 g1Q 49. Kb4 Qxd4+ 50. Ka5 Qa4# 0-1

[Event "Dortmund op-B"]
[Site "Dortmund"]
[Date "2009.07.09"]
[Round "6"]
[White "Sennholz, Michael"]
[Black "Truemper, Michael"]
[Result "1/2-1/2"]
[WhiteElo "1599"]
[BlackElo "1153"]
[PlyCount "51"]
[EventDate "2009.07.04"]
[EventType "swiss"]
[EventRounds "9"]
[EventCountry "GER"]
[SourceTitle "EXT 2012"]
[Source "ChessBase"]
[SourceDate "2011.11.24"]
[SourceVersion "1"]
[SourceVersionDate "2011.11.24"]
[SourceQuality "1"]

1. e4 d5 2. exd5 Qxd5 3. Nc3 Qa5 4. d4 Nf6 5. Nf3 Bf5 6. Bd2 c6 7. Bc4 e6 8. 0-0 Nbd7 9. Re1 Bb4 10. a3 Bxc3 11. Bxc3 Qc7 12. Bb3 0-0 13. h3 h6 14. Nh4 Bh7 15. Re3 Nd5 16. Bxd5 cxd5 17. Rg3 Nf6 18. Re3 Ne4 19. Qg4 Nxc3 20. Rxc3 Qe7 21. Nf3 Rac8 22. Rxc8 Rxc8 23. c3 Rc6 24. Qf4 Qd6 25. Qd2 Rc7 26. Re1 1/2-1/2

[Event "Dortmund op-B"]
[Site "Dortmund"]
[Date "2009.07.05"]
[Round "2"]
[White "Truemper, Michael"]
[Black "Richters, Marc"]
[Result "1-0"]
[WhiteElo "1153"]
[BlackElo "1917"]
[PlyCount "79"]
[EventDate "2009.07.04"]
[EventType "swiss"]
[EventRounds "9"]
[EventCountry "GER"]
[SourceTitle "EXT 2012"]
[Source "ChessBase"]
[SourceDate "2011.11.24"]
[SourceVersion "1"]
[SourceVersionDate "2011.11.24"]
[SourceQuality "1"]

1. d4 Nf6 2. Nc3 d5 3. Bg5 e6 4. e4 dxe4 5. Nxe4 Be7 6. Nxf6+ Bxf6 7. Bxf6 Qxf6 8. Nf3 0-0 9. Qd2 Rd8 10. 0-0-0 c5 11. Qe3 Nc6 12. c3 cxd4 13. Nxd4 Nxd4 14. Rxd4 Rxd4 15. Qxd4 e5 16. Qe3 Be6 17. b3 a5 18. Bb5 e4 19. Kb2 Qe5 20. Bd3 f5 21. f3 Rc8 22. Bc2 b5 23. Rc1 b4 24. Bd1 Qxh2 25. Qe2 Qe5 26. Qe3 bxc3+ 27. Rxc3 f4 28. Qe1 e3 29. Be2 g5 30. Kc2 Bf5+ 31. Bd3 Bxd3+ 32. Kxd3 Rxc3+ 33. Qxc3 Qxc3+ 34. Kxc3 Kf7 35. a3 Ke6 36. Kd3 h5 37. Kc3 g4 38. fxg4 hxg4 39. Kd3 Kd5 40. g3 1-0